000 00704nam a2200241Ia 4500
003 OSt
005 20220925211436.0
006 a|||||r|||| 00| 0
007 ta
008 220923b |||||||| |||| 00| 0 eng d
020 _a0195774183
037 _cGeneral Book
040 _aRTL
_cRTL
_beng
041 _2eng
_aeng
082 _aX:9J2.44Q70k46.N9, N2
245 0 _aUndermining the centre
_b Gulf migration and Pakista
260 _aKarachi
_bUniversity Press
_c1992
300 _axiii, 232p Bibliography: P 213-228
_ccm.
650 _a Economics
650 _aMigrant Labour
_9274699
942 _hX:9J2.44Q70k46.N9, N2
_cGB
_2CC
999 _c557707
_d557707